000 00630nas a2200217 i 4500
001 2294
003 ES-MaACL
005 20250824012557.0
007 t|
008 950801c1952 be | | 1 ||re d
245 0 3 _aLe Theatre dans le monde.
260 _aBruxelles :
_bInstitut International du Theatre,
_c1952- (
_fElsevier)
300 _a1 v :
_bgrab ;
_c25 cm.
310 _aTrimestral
362 0 _aV. I (1952)-
650 7 _aTeatro
_2embne
_917290
710 2 _aInstitut International du Théâtre.
_9134519
852 _aES-MaACL
_jHEM-H-285
_xHEM-1453
_d
866 0 _o(1959) 1960.
999 _c2294
_d2294